[Event "Krakow op-A 19th"]
[Site "Krakow"]
[Date "2009.01.03"]
[Round "8"]
[White "Ashton, Adam"]
[Black "Kielczewski, Krzysztof"]
[Result "1/2-1/2"]
[WhiteElo "2325"]
[BlackElo "2185"]
[PlyCount "42"]
[EventDate "2008.12.26"]
[EventType "swiss"]
[EventRounds "9"]
[EventCountry "POL"]
[SourceTitle "CBM 128 Extra"]
[Source "ChessBase"]
[SourceDate "2009.03.05"]
[SourceVersion "2"]
[SourceVersionDate "2009.03.25"]
[SourceQuality "1"]

1. e4 e5 2. Nf3 Nc6 3. Bb5 Nf6 4. 0-0 Nxe4 5. Re1 Nd6 6. Nxe5 Nxe5 7. Rxe5+ Be7 8. Nc3 c6 9. Bd3 0-0 10. b3 Ne8 11. Qh5 g6 12. Qf3 d5 13. Bb2 Bf6 14. Re2 Nc7 15. Na4 Kg7 16. Rae1 Bxb2 17. Nxb2 Qf6 18. Qxf6+ Kxf6 19. c3 Bd7 20. f4 Rae8 21. Kf2 Bf5 1/2-1/2

[Event "Krakow op-A 19th"]
[Site "Krakow"]
[Date "2008.12.27"]
[Round "1"]
[White "Swiercz, Dariusz"]
[Black "Kielczewski, Krzysztof"]
[Result "1-0"]
[WhiteElo "2478"]
[BlackElo "2185"]
[PlyCount "45"]
[EventDate "2008.12.26"]
[EventType "swiss"]
[EventRounds "9"]
[EventCountry "POL"]
[SourceTitle "CBM 128 Extra"]
[Source "ChessBase"]
[SourceDate "2009.03.05"]
[SourceVersion "2"]
[SourceVersionDate "2009.03.25"]
[SourceQuality "1"]

1. e4 c5 2. Nf3 d6 3. d4 cxd4 4. Nxd4 Nf6 5. Nc3 g6 6. Be3 Bg7 7. f3 Nc6 8. Qd2 0-0 9. 0-0-0 Bd7 10. g4 b5 11. Kb1 b4 12. Nd5 a5 13. h4 Ne5 14. h5 Nexg4 15. fxg4 Nxe4 16. Qg2 Nc3+ 17. bxc3 e6 18. hxg6 fxg6 19. Qh2 h5 20. Qxd6 exd5 21. Qxd5+ Rf7 22. Bc4 Be8 23. gxh5 1-0

[Event "Warsaw AIG Life rapid"]
[Site "Warsaw"]
[Date "2005.12.17"]
[Round "2"]
[White "Kielczewski, Krzysztof"]
[Black "Romanov, Evgeny"]
[Result "1/2-1/2"]
[WhiteElo "2185"]
[BlackElo "2479"]
[PlyCount "47"]
[EventDate "2005.12.17"]
[EventType "swiss (rapid)"]
[EventRounds "13"]
[EventCountry "POL"]
[SourceTitle "CBM 110 Extra"]
[Source "ChessBase"]
[SourceDate "2006.03.10"]
[SourceVersion "2"]
[SourceVersionDate "2006.03.10"]
[SourceQuality "1"]

1. Nc3 e5 2. Nf3 Nc6 3. d4 exd4 4. Nxd4 Nf6 5. Bg5 Bb4 6. Nxc6 bxc6 7. Qd4 Be7 8. 0-0-0 0-0 9. e4 d6 10. Bc4 Nd7 11. f4 a5 12. Rhe1 Nb6 13. e5 Bg4 14. exd6 Qxd6 15. Be2 Bxe2 16. Rxe2 Qh6 17. g4 c5 18. Qe4 Qh4 19. Qf3 g6 20. Rde1 Rad8 21. Re4 Rd4 22. Nb5 Rb4 23. Rxb4 cxb4 24. Nxc7 1/2-1/2

[Event "Warsaw AIG Life rapid"]
[Site "Warsaw"]
[Date "2005.12.17"]
[Round "8"]
[White "Papin, Vasily"]
[Black "Kielczewski, Krzysztof"]
[Result "1-0"]
[WhiteElo "2425"]
[BlackElo "2185"]
[PlyCount "48"]
[EventDate "2005.12.17"]
[EventType "swiss (rapid)"]
[EventRounds "13"]
[EventCountry "POL"]
[SourceTitle "CBM 110 Extra"]
[Source "ChessBase"]
[SourceDate "2006.03.10"]
[SourceVersion "2"]
[SourceVersionDate "2006.03.10"]
[SourceQuality "1"]

1. e4 e6 2. d4 d5 3. Nd2 dxe4 4. Nxe4 Nd7 5. Bd3 Ngf6 6. Qe2 c5 7. Nxf6+ Nxf6 8. dxc5 Bxc5 9. Nf3 h6 10. Bd2 Qc7 11. 0-0-0 Bd6 12. Rhe1 Bd7 13. Ne5 Bxe5 14. Qxe5 Bc6 15. f3 0-0-0 16. Bc3 Rd7 17. b3 Rhd8 18. a4 h5 19. Bd2 Nd5 20. Kb2 Ne7 21. Bc3 Nf5 22. Ra1 Nd4 23. b4 Re8 24. b5 b6 1-0

[Event "MK Cafe Cup-A"]
[Site "Koszalin"]
[Date "1997.08.05"]
[Round "4"]
[White "Ehrenfeucht, Wojciech"]
[Black "Kielczewski, Krzysztof"]
[Result "1-0"]
[WhiteElo "2275"]
[BlackElo "2220"]
[PlyCount "83"]
[EventDate "1997.08.03"]
[EventType "swiss"]
[EventRounds "10"]
[EventCountry "POL"]
[SourceTitle "CBM 059 Extra"]
[Source "ChessBase"]
[SourceDate "1997.09.26"]
[SourceVersion "1"]
[SourceVersionDate "1997.09.26"]
[SourceQuality "1"]

1. e4 e6 2. d4 d5 3. Nd2 c5 4. Ngf3 cxd4 5. exd5 Qxd5 6. Bc4 Qd6 7. 0-0 Nf6 8. Nb3 Nc6 9. Nfxd4 Nxd4 10. Qxd4 Bd7 11. Bf4 Qxd4 12. Nxd4 Rc8 13. b3 a6 14. a4 Bc5 15. Rad1 Nh5 16. Be3 Ke7 17. Rfe1 e5 18. Bg5+ Kf8 19. Rxe5 Bg4 20. Nf3 f6 21. Rxc5 Rxc5 22. Rd8+ Ke7 23. Rxh8 fxg5 24. Rxh7 b5 25. axb5 axb5 26. Bd3 Nf4 27. Be4 Bxf3 28. Bxf3 Kf6 29. h4 g4 30. Bxg4 Rxc2 31. Rh8 Ne2+ 32. Bxe2 Rxe2 33. Rh5 b4 34. Rb5 Re4 35. g3 Kg6 36. Kg2 Rd4 37. Kh3 Kh6 38. Rb6+ g6 39. Rb7 Re4 40. g4 Rd4 41. g5+ Kh5 42. Rh7# 1-0

[Event "MK Cafe Cup-A"]
[Site "Koszalin"]
[Date "1997.08.04"]
[Round "2"]
[White "Kielczewski, Krzysztof"]
[Black "Pinski, Jan"]
[Result "0-1"]
[WhiteElo "2220"]
[BlackElo "2295"]
[PlyCount "58"]
[EventDate "1997.08.03"]
[EventType "swiss"]
[EventRounds "10"]
[EventCountry "POL"]
[SourceTitle "CBM 059 Extra"]
[Source "ChessBase"]
[SourceDate "1997.09.26"]
[SourceVersion "1"]
[SourceVersionDate "1997.09.26"]
[SourceQuality "1"]

1. e4 c5 2. Nf3 Nc6 3. Bb5 e6 4. 0-0 Nge7 5. c3 a6 6. Ba4 b5 7. Bc2 Bb7 8. d4 cxd4 9. Nxd4 Qc7 10. f4 Rc8 11. Nb3 Ng6 12. Be3 Nb4 13. Bd3 Nxd3 14. Qxd3 Be7 15. N1d2 0-0 16. Rad1 f5 17. e5 d6 18. exd6 Bxd6 19. Nf3 Bxf4 20. Nbd4 Bd5 21. Bxf4 Qxf4 22. Rfe1 Qg4 23. Qd2 Nf4 24. a4 bxa4 25. Ra1 Rcd8 26. Kh1 Bxf3 27. gxf3 Rxd4 28. Qf2 Rd2 29. fxg4 Rxf2 0-1

[Event "POL-ch U20"]
[Site "Barlinek"]
[Date "1996.??.??"]
[Round "6"]
[White "Bobras, Piotr"]
[Black "Kielczewski, Krzysztof"]
[Result "1/2-1/2"]
[WhiteElo "2355"]
[BlackElo "2235"]
[PlyCount "47"]
[EventDate "1996.??.??"]
[EventType "tourn"]
[EventRounds "11"]
[EventCountry "POL"]
[EventCategory "2"]
[SourceTitle "EXT 2006"]
[Source "ChessBase"]
[SourceDate "2005.11.24"]
[SourceVersion "1"]
[SourceVersionDate "2005.11.24"]
[SourceQuality "1"]

1. e4 c5 2. Nc3 Nc6 3. Nf3 e5 4. Bc4 d6 5. d3 Bg4 6. h3 Bh5 7. Nd5 Be7 8. c3 Nf6 9. g4 Bg6 10. a3 a6 11. b4 h5 12. Nxf6+ Bxf6 13. Ke2 Qc7 14. Be3 Be7 15. Bd5 Nd8 16. Qa4+ Kf8 17. Rab1 Rb8 18. d4 Ne6 19. bxc5 exd4 20. cxd4 dxc5 21. Ne5 cxd4 22. Nxg6+ fxg6 23. Bxe6 dxe3 24. f4 1/2-1/2

[Event "POL-ch U20"]
[Site "Barlinek"]
[Date "1996.??.??"]
[Round "7"]
[White "Kielczewski, Krzysztof"]
[Black "Grujic, Matej"]
[Result "1-0"]
[WhiteElo "2235"]
[BlackElo "2140"]
[PlyCount "73"]
[EventDate "1996.??.??"]
[EventType "tourn"]
[EventRounds "11"]
[EventCountry "POL"]
[EventCategory "2"]
[SourceTitle "EXT 2006"]
[Source "ChessBase"]
[SourceDate "2005.11.24"]
[SourceVersion "1"]
[SourceVersionDate "2005.11.24"]
[SourceQuality "1"]

1. e4 g6 2. d4 Bg7 3. c3 d6 4. f4 e5 5. Nf3 Bg4 6. Be3 exd4 7. Bxd4 Nf6 8. h3 Bxf3 9. Qxf3 0-0 10. Nd2 Re8 11. 0-0-0 Nbd7 12. g4 Qe7 13. Bd3 a6 14. Rde1 c5 15. Bxf6 Qxf6 16. g5 Qd8 17. Nc4 Qc7 18. Rd1 Rad8 19. Bc2 b5 20. Nxd6 Re6 21. e5 Bxe5 22. fxe5 Nxe5 23. Qb7 Qxd6 24. Rxd6 Rexd6 25. Rd1 Rxd1+ 26. Bxd1 Nd3+ 27. Kb1 c4 28. Bg4 Re8 29. Kc2 Re5 30. h4 a5 31. b3 Kg7 32. bxc4 bxc4 33. Qc6 Rc5 34. Qf6+ Kf8 35. Be2 Rf5 36. Qd8+ Kg7 37. Bxd3 1-0

[Event "Polanica Zdroj op"]
[Site "Polanica Zdroj"]
[Date "1995.??.??"]
[Round "4"]
[White "Stripunsky, Alexander"]
[Black "Kielczewski, Krzysztof"]
[Result "1/2-1/2"]
[WhiteElo "2495"]
[BlackElo "2240"]
[PlyCount "96"]
[EventDate "1995.08.??"]
[EventType "swiss"]
[EventRounds "10"]
[EventCountry "POL"]
[SourceTitle "EXT 1997"]
[Source "ChessBase"]
[SourceDate "1996.11.15"]
[SourceVersion "1"]
[SourceVersionDate "1996.11.15"]
[SourceQuality "1"]

1. e4 e6 2. d4 d5 3. e5 c5 4. Nf3 cxd4 5. Bd3 Nc6 6. 0-0 f5 7. Nbd2 Nge7 8. Nb3 Ng6 9. Re1 Be7 10. Nbxd4 0-0 11. c3 Nh4 12. Nxh4 Nxd4 13. cxd4 Bxh4 14. Bd2 Qb6 15. Bc3 Bd7 16. Qb3 Qxb3 17. axb3 Be7 18. Rec1 Rfc8 19. f4 h5 20. Kf2 Kf7 21. g3 g6 22. h3 a6 23. Rg1 Bb5 24. Bb1 Rh8 25. Bc2 Rac8 26. Bd1 Rh7 27. Bf3 Rhh8 28. Rad1 Rh7 29. Rh1 Rhh8 30. g4 Kg7 31. gxf5 gxf5 32. Ke3 Kh6 33. Rc1 Rhg8 34. Rhg1 Bh4 35. Rcd1 Rg3 36. Rxg3 Bxg3 37. Rh1 Bh4 38. Rg1 Be7 39. Kd2 Bh4 40. Ke3 Be7 41. Kd2 b6 42. b4 Ra8 43. Ke3 Rc8 44. Bd1 Ra8 45. Be1 Rc8 46. Bd2 Bh4 47. Bc3 Be7 48. Bd2 Bh4 1/2-1/2